LDR 01180nam a2200253 i 4500 001 000000003331 003 CaOOAMICUS 005 20260409104037.0 008 180830s1987 it d u000 u ita u 020 $a88-7045-081-3 040 $aSeMil$bita 100 1 $aDevoto, Giacomo,$d<1897-1974>.$0(OLS)http://semarc/name/2544 245 10$aNuovo vocabolario illustrato della lingua italiana /$cdi Giacomo Devoto e Gian Carlo Oli ; edizione a cura di Gian Carlo Oli e Lorenzo Magini. 264 1$aMilano :$bSelezione dal Reader's Digest,$c1987-1988. 300 $a2 v. :$bill. ;$c29 cm 650 4$aLingua italiana - Dizionari, vocabolari, glossari, etc.$0(OLS)http://semarc/subject/705 700 1 $aMagini, Lorenzo.$0(OLS)http://semarc/name/2546 700 1 $aOli, Gian Carlo,$d<1934-1996>.$0(OLS)http://semarc/name/2545 774 0 $t1: [A-L].$w()35942 774 0 $t2: [M-Z].$w()66665 996 $6020$a88-7045-081-3$9(OLS)http://semarc/number/4368 996 $6245$aNuovo vocabolario illustrato della lingua italiana$9(OLS)http://semarc/title/5698 996 $6264$aMilano :$bSelezione dal Reader's Digest$9(OLS)http://semarc/publisher/31157